| Tag |
First Indicator |
Second Indicator |
Subfields |
| LEADER |
00000nam a2200000 i 4500 |
| 001 |
in00004589340 |
| 003 |
OCoLC |
| 005 |
20220302093401.8 |
| 006 |
m o d |
| 007 |
cr ||||||||||| |
| 008 |
210729s2022 nyuab ob 001 0ceng |
| 010 |
|
|
|a 2021033281
|
| 024 |
8 |
|
|a 99991241264
|
| 040 |
|
|
|a DLC
|b eng
|e rda
|c DLC
|d OCLCO
|d OCLCF
|d EBLCP
|d N$T
|d YDX
|
| 019 |
|
|
|a 1298391959
|
| 020 |
|
|
|a 9780231555128
|q electronic book
|
| 020 |
|
|
|a 0231555121
|q electronic book
|
| 020 |
|
|
|z 9780231175241
|q hardcover
|
| 020 |
|
|
|z 9780231175258
|q paperback
|
| 035 |
|
|
|a (OCoLC)1262692464
|z (OCoLC)1298391959
|
| 042 |
|
|
|a pcc
|
| 043 |
|
|
|a ff-----
|
| 050 |
|
4 |
|a HT1345
|b .B37 2022
|
| 082 |
0 |
0 |
|a 306.3/620961
|2 23
|
| 245 |
0 |
0 |
|a Barbary captives :
|b an anthology of early modern slave memoirs by Europeans in North Africa /
|c Mario Klarer.
|
| 264 |
|
1 |
|a New York :
|b Columbia University Press,
|c [2022]
|
| 300 |
|
|
|a 1 online resource () :
|b illustrations, maps.
|
| 336 |
|
|
|a text
|b txt
|2 rdacontent
|
| 337 |
|
|
|a computer
|b c
|2 rdamedia
|
| 338 |
|
|
|a online resource
|b cr
|2 rdacarrier
|
| 504 |
|
|
|a Includes bibliographical references and index.
|
| 505 |
0 |
|
|a Balthasar Sturmer, Account of the Travels of Mister Balthasar Sturmer (1558 German manuscript; captivity in Tunis 1534-1535; complete text) -- Antonio de Sosa, Topography of Algiers: Attempted Escape of Miguel de Cervantes (1612 Spanish print edition; captivity in Algiers 1577; excerpt) -- OÌ?lafur Egilsson, The Travels of Reverend OÌ?lafur Egilsson (undated Icelandic manuscripts; Icelandic raid and captivity in Algiers 1627-1628; selection) -- Emanuel d'Aranda, Short Story of My Unfortunate Journey (undated Dutch manuscript; captivity in Algiers 1640-1641; complete text) -- Antoine Quartier, The Religious Slave and His Adventures (1690 French print edition; captivity in Tripoli 1660-1668; selection) -- Andreas Matthäus and Johann Georg Wolffgang, Travels and Wonderful Fortunes of Two Brothers in Algerian Bondage (1767 German print edition; captivity in Algiers 1684-1688; complete text) -- Isaac Brassard, The Tale of Mr. Brassard's Captivity in Algiers (1878 French print edition; captivity in Algiers 1687-1688; complete text) -- Thomas Pellow, The History of the Long Captivity and Adventures of Thomas Pellow (1740 [?] British print edition; captivity in Morocco 1715-1738; selection) -- Hark Olufs, The Remarkable Adventures of Hark Olufs (1747 Danish print edition; captivity in Constantine 1724-1735; complete text) -- Maria ter Meetelen, Miraculous and Remarkable Events of Twelve Years of Slavery (1748 Dutch print edition; captivity in Morocco 1731-1743; selection) -- Marcus Berg, Description of the Barbaric Slavery in the Kingdom of Fez and Morocco (1757 Swedish print edition; captivity in Morocco 1754-1756; selection) -- Elizabeth Marsh, Narrative of Elizabeth Marsh's Captivity in Barbary (undated British manuscript; captivity in Morocco 1756; complete text) -- Felice Caronni, The Account of an Amateur Antiquarian's Short Journey (1805 Italian print edition; captivity in Tunis 1804; selection).
|
| 588 |
|
|
|a Description based on online resource; title from digital title page (viewed on March 02, 2022).
|
| 650 |
|
0 |
|a Slavery
|z Africa, North
|x History
|v Sources.
|
| 650 |
|
0 |
|a Captivity narratives
|z Africa, North.
|
| 650 |
|
0 |
|a Slaves
|z Africa, North
|v Biography
|v Sources.
|
| 650 |
|
7 |
|a Captivity narratives.
|2 fast
|0 (OCoLC)fst00846616
|
| 650 |
|
7 |
|a Slavery.
|2 fast
|0 (OCoLC)fst01120426
|
| 650 |
|
7 |
|a Slaves.
|2 fast
|0 (OCoLC)fst01120522
|
| 651 |
|
7 |
|a North Africa.
|2 fast
|0 (OCoLC)fst01239515
|
| 655 |
|
7 |
|a Electronic books.
|2 local
|
| 700 |
1 |
|
|a Klarer, Mario,
|d 1962-
|e editor.
|
| 710 |
2 |
|
|a ProQuest (Firm)
|
| 776 |
1 |
8 |
|i Print version:
|t Barbary captives
|d New York : Columbia University Press, [2022]
|z 9780231175241
|w (DLC) 2021033280
|
| 856 |
4 |
0 |
|u https://ebookcentral.proquest.com/lib/tamucs/detail.action?docID=6617466
|z Connect to the full text of this electronic book
|t 0
|
| 945 |
|
|
|b 382077
|
| 955 |
|
|
|a YBP purchased DDA e-records
|
| 980 |
|
|
|b ebook
|c 99991241264
|f NONFIC/S
|g 565701
|k USD
|m 41.99
|q 1
|s AcqMono Conventional
|t Demand driven acquisitions (DDA)
|u Vendor order reference number
|v ZYBP
|y PDA
|z Electronic resource
|
| 999 |
f |
f |
|i d5699413-89d2-4259-be83-34b0cda5ecb6
|s 0e6bc528-4c8c-4dcc-9b57-3faff943c525
|t 0
|
| 952 |
f |
f |
|a Texas A&M University
|b College Station
|c Electronic Resources
|s www_evans
|d Available Online
|t 0
|e HT1345 .B37 2022
|h Library of Congress classification
|